00902nam a22002057a 4500003000200000005001700002008004100019050002700060100004300087245016100130260007100291300002300362500003200385504005800417650004700475650004500522650004400567650004000611651004500651020250127125107.0250127b xxu||||| |||| 00| 0 eng d aHF 5549.5 b.Al44 2018 aAl-Harthy, Jameela Bint Saleh Said B.  aA comparative study on the level of employee motivation between filipino and omani workers of dalma energy muscat,omancJameela Bint Saleh Said B. Al-Harthy aLas Pinas CitybSouthville International School and Collegesc2018 a62 pages ;c28cm.  aHuman Resource Management.  aIncludes bibliographical references and appendices.  aEmployee motivation—Comparative studies. aWork environment—Cultural differences. aJob satisfaction—Comparative studies. aPersonnel management—Philippines. aDalma Energy (Muscat, Oman)—Employees.